Informes sobre depósitos de guano en dos islas de la costa Atlántica: 1, isla Leones(Chubut)por Luciano R. Catalano.2, isla Pengüín (Sta. Cruz) por... /

Guardado en:
Autor Principal: Wichmann, Ricardo.
Formato: Libro
Idioma:Spanish
Publicado: Buenos Aires, 1933.
Series:Publicación, 100
Materias:
Etiquetas: Agregar Etiqueta
Sin Etiquetas, Sea el primero en etiquetar este registro!
LEADER 00650nam a22001815a 4500
001 EUN.um019321
003 AR-BaUNS
005 20050623122859.0
008 041125s1933####ag#a##########000#0#spa#d
245 1 0 |a Informes sobre depósitos de guano en dos islas de la costa Atlántica: 1, isla Leones(Chubut)por Luciano R. Catalano.2, isla Pengüín (Sta. Cruz) por... /  |c Ricardo Wichmann. 
260 |a Buenos Aires,  |c 1933. 
300 |a 23 p. :  |b ilus. ;  |c 26 cm. . 
490 0 |a Publicación, 100 
100 1 |a Wichmann, Ricardo. 
082 0 4 |a 549.8 
653 |a Catalano, Luciano R. 
653 |a Guano 
859 |a Ar-BaUNS  |b BIB. CENTRAL - Sector C  |h 549.8  |i W631  |p 79834/978